Шүүҗ барлсн үүдәврмүд. Боть 1: Чик хаалһ (Запись № 11696178)

Подробности
000 -МАРКЕР
контрольное поле 01076nam2a2200253 4500
001 - ИДЕНТИФИКАТОР ЗАПИСИ
контрольное поле RU\NLR\BIBL_A\011764932
005 - ИДЕНТИФИКАТОР ВЕРСИИ
контрольное поле 20180924154604.0
010 ## - МЕЖДУНАРОДНЫЙ СТАНДАРТНЫЙ НОМЕР КНИГИ (ISBN)
Номер (ISBN) 978-5-7539-0844-5
Тираж 500
021 ## - НОМЕР ГОСУДАРСТВЕННОЙ РЕГИСТРАЦИИ
Код страны российская федерация
Номер КН-П-18-037131
Номер Листа государственной регистраци КН-П-18-2685
035 ## - ДРУГИЕ СИСТЕМНЫЕ НОМЕРА
Идентификатор записи (NLR Aleph) 011764932
100 ## - ДАННЫЕ ОБЩЕЙ ОБРАБОТКИ
Данные общей обработки 20180807d2018 m y0rusy50 ca
101 0# - ЯЗЫК РЕСУРСА
Язык текста, звукозаписи и т.д. калмыцкий
102 ## - СТРАНА ПУБЛИКАЦИИ ИЛИ ПРОИЗВОДСТВА
Страна публикации российская федерация
105 ## - ПОЛЕ КОДИРОВАННЫХ ДАННЫХ: ТЕКСТОВЫЕ МАТЕРИАЛЫ, МОНОГРАФИЧЕСКИЕ
Кодированные данные о монографическом текстовом документе y z 000 y
200 1# - ЗАГЛАВИЕ И СВЕДЕНИЯ ОБ ОТВЕТСТВЕННОСТИ
Основное заглавие Чик хаалһ
Сведения, относящиеся к заглавию 2 әңгтә роман
205 ## - СВЕДЕНИЯ ОБ ИЗДАНИИ
Сведения об издании 3-гч һарц
210 ## - ПУБЛИКАЦИЯ, РАСПРОСТРАНЕНИЕ И ДР.
Дата издания, распространения и т.д. 2018
215 ## - ФИЗИЧЕСКАЯ ХАРАКТЕРИСТИКА
Специфическое обозначение материала и объем 621, [1] с.
461 #0 - УРОВЕНЬ НАБОРА
Встроенное поле 001RU\NLR\BIBL_A\011764910
-- 2001#$aШүүҗ барлсн үүдәврмүд$fДорҗин Басң$vБоть 1
-- 700#1$aДоржиев$bБ. Б.$gБасанг Бюрюнович$4070
Системный номер (АБИС) связанной записи 11696073
Автор Доржиев, Б. Б. (1918-1969)
Место публикации Элст
Дата публикации 2018-
Первые сведения об ответственности Дорҗин Басң
Имя издателя, распространителя и т.д. "Калмыкия" нертә Таңһчин зәңгллһнә агенств
Заглавие Шүүҗ барлсн үүдәврмүд
Номер тома Боть 1
852 ## - МЕСТОНАХОЖДЕНИЕ И ШИФР ХРАНЕНИЯ
Идентификатор организации NLR
Наименование фонда или коллекции (Sub-Location Identifier) ОНЛ
Шифр хранения (Call Number) Калм./3-717
942 ## - ДОПОЛНИТЕЛЬНЫЕ ЭЛЕМЕНТЫ ЗАПИСИ (АБИС)
Тип экземпляра АБИС Книга
980 ## - КОЛЛЕКЦИЯ
Название коллекции Национальная библиография
Экземпляры
Тип экземпляра Дата поступления Источник поступления Библиотека постоянного хранения Библиотека текущего хранения Место хранения Шифр хранения Штрих-код Статус не для выдачи
Книга 07.08.2018 Обязательный экземпляр РНБ (Московский) РНБ (Московский) Фонд национальных литератур ОНЛ Калм./3-717 1-1455835